Proceedings of the UNC CBE Summit 2017 (Record no. 13430)

MARC details
000 -LEADER
fixed length control field 00698nam a2200121Ia 4500
008 - FIXED-LENGTH DATA ELEMENTS--GENERAL INFORMATION
fixed length control field 220615s9999||||xx |||||||||||||| ||und||
245 #0 - TITLE STATEMENT
Title Proceedings of the UNC CBE Summit 2017
546 ## - LANGUAGE NOTE
Language note English[eng]
650 ## - SUBJECT ADDED ENTRY--TOPICAL TERM
Topical term or geographic name entry element Sociology||competency-based education||competency based education||competency based higher education||Adult learner||Andragogy||Curriculum||Order of the British Empire||Southern Association of Colleges and Schools
700 ## - ADDED ENTRY--PERSONAL NAME
Personal name Solér, Michelle
856 ## - ELECTRONIC LOCATION AND ACCESS
Uniform Resource Identifier <a href="https://library.oapen.org/bitstream/20.500.12657/31004/1/640530.pdf||https://library.oapen.org/bitstream/20.500.12657/31004/1/640530.pdf||https://library.oapen.org/bitstream/20.500.12657/31004/1/640530.pdf">https://library.oapen.org/bitstream/20.500.12657/31004/1/640530.pdf||https://library.oapen.org/bitstream/20.500.12657/31004/1/640530.pdf||https://library.oapen.org/bitstream/20.500.12657/31004/1/640530.pdf</a>
942 ## - ADDED ENTRY ELEMENTS (KOHA)
Koha item type E-Books
Holdings
Withdrawn status Lost status Damaged status Not for loan Home library Current library Date acquired Total Checkouts Date last seen Price effective from Koha item type
        Kerala University of Digital Sciences, Innovation and Technology Knowledge Centre Kerala University of Digital Sciences, Innovation and Technology Knowledge Centre 15/06/2022   15/06/2022 15/06/2022 E-Books